| 000 | 00320nam a22001337a 4500 | ||
|---|---|---|---|
| 020 | _qPB. | ||
| 040 | _cFIZZA ISHAQ | ||
| 082 |
_a005.7585 _bDUS |
||
| 100 |
_aPETKOVIC, DUSON. _985046 |
||
| 245 |
_aSQL SERVER / _cDUSON POTKOVIC. |
||
| 260 |
_aNEW YORK : _bMC GROW HILL. _c2008. |
||
| 300 | _a709 P. ; | ||
| 942 |
_2ddc _cBK |
||
| 999 |
_c586870 _d586870 |
||